Library Banner

Sindh ke halaat ki suchi tasweer = سندھ کے حالات کی سچی تصویر / (Record no. 121625)

MARC details
000 -LEADER
fixed length control field 00584nam a22001577a 4500
005 - DATE AND TIME OF LATEST TRANSACTION
control field 20210313112632.0
008 - FIXED-LENGTH DATA ELEMENTS--GENERAL INFORMATION
fixed length control field 210313b ||||| |||| 00| 0 eng d
040 ## - CATALOGING SOURCE
Transcribing agency PK-LaUMT
082 ## - DEWEY DECIMAL CLASSIFICATION NUMBER
Classification number RHC 320.954918
Item number MUS-S
100 ## - MAIN ENTRY--PERSONAL NAME
Personal name Musa Bhutto, Muhammad = موسی بھٹو، محمد
245 ## - TITLE STATEMENT
Title Sindh ke halaat ki suchi tasweer = سندھ کے حالات کی سچی تصویر /
Statement of responsibility, etc by Muhammad Musa Bhutto = از محمد موسی بھٹو
260 ## - PUBLICATION, DISTRIBUTION, ETC. (IMPRINT)
Place of publication, distribution, etc Hyderabad :
Name of publisher, distributor, etc Bab ul Islam Publications,
Date of publication, distribution, etc 1977
300 ## - PHYSICAL DESCRIPTION
Extent 188 p
650 ## - SUBJECT ADDED ENTRY--TOPICAL TERM
Topical term or geographic name as entry element Pakistan-Sind-Political situation
942 ## - ADDED ENTRY ELEMENTS (KOHA)
Koha item type Books
Holdings
Withdrawn status Lost status Damaged status Home library Current library Date acquired Full call number Barcode Date last seen Price effective from Koha item type
      UMT Main Campus UMT Main Campus 2021-03-13 RHC 320.954918 MUS-S 136765 2021-03-13 2021-03-13 Books